Interplay : (Record no. 589077)

000 -LEADER
fixed length control field 01358cam a22003494a 4500
001 - CONTROL NUMBER
control field 13140451
003 - CONTROL NUMBER IDENTIFIER
control field NUST
005 - DATE AND TIME OF LATEST TRANSACTION
control field 20220411104932.0
008 - FIXED-LENGTH DATA ELEMENTS--GENERAL INFORMATION
fixed length control field 030328s2004 nyua b 001 0 eng
010 ## - LIBRARY OF CONGRESS CONTROL NUMBER
LC control number 2003048688
020 ## - INTERNATIONAL STANDARD BOOK NUMBER
International Standard Book Number 0195167074
038 ## - RECORD CONTENT LICENSOR
Staff Name waseem
040 ## - CATALOGING SOURCE
Original cataloging agency DLC
Transcribing agency DLC
Modifying agency DLC
042 ## - AUTHENTICATION CODE
Authentication code pcc
050 00 - LIBRARY OF CONGRESS CALL NUMBER
Classification number BF637.C45
Item number A33 2004
082 00 - DEWEY DECIMAL CLASSIFICATION NUMBER
Classification number 302.2
Author Mark ADL
100 1# - MAIN ENTRY--PERSONAL NAME
Personal name Adler, Ronald B.
Fuller form of name (Ronald Brian),
Dates associated with a name 1946-
9 (RLIN) 90868
245 10 - TITLE STATEMENT
Title Interplay :
Remainder of title the process of interpersonal communication /
Statement of responsibility, etc. Ronald B. Adler, Lawrence B. Rosenfeld, Russell F. Proctor II.
250 ## - EDITION STATEMENT
Edition statement 9th ed.
260 ## - PUBLICATION, DISTRIBUTION, ETC.
Place of publication, distribution, etc. New York :
Name of publisher, distributor, etc. Oxford University Press,
Date of publication, distribution, etc. 2004.
300 ## - PHYSICAL DESCRIPTION
Extent xiv, 443 p. :
Other physical details ill. (some col.) ;
Dimensions 24 cm.
504 ## - BIBLIOGRAPHY, ETC. NOTE
Bibliography, etc. note Includes bibliographical references (p. 384-417) and indexes.
563 ## - BINDING INFORMATION
Binding note PBK.
650 #0 - SUBJECT ADDED ENTRY--TOPICAL TERM
Topical term or geographic name entry element Interpersonal communication.
9 (RLIN) 4420
700 1# - ADDED ENTRY--PERSONAL NAME
Personal name Rosenfeld, Lawrence B.
9 (RLIN) 90869
700 1# - ADDED ENTRY--PERSONAL NAME
Personal name Proctor, Russell F.
9 (RLIN) 90870
856 42 - ELECTRONIC LOCATION AND ACCESS
Materials specified Publisher description
Uniform Resource Identifier <a href="http://www.loc.gov/catdir/enhancements/fy0614/2003048688-d.html">http://www.loc.gov/catdir/enhancements/fy0614/2003048688-d.html</a>
856 41 - ELECTRONIC LOCATION AND ACCESS
Materials specified Table of contents only
Uniform Resource Identifier <a href="http://www.loc.gov/catdir/enhancements/fy0614/2003048688-t.html">http://www.loc.gov/catdir/enhancements/fy0614/2003048688-t.html</a>
906 ## - LOCAL DATA ELEMENT F, LDF (RLIN)
a 7
b cbc
c orignew
d 1
e ocip
f 20
g y-gencatlg
942 ## - ADDED ENTRY ELEMENTS (KOHA)
Source of classification or shelving scheme
Koha item type Book
Holdings
Withdrawn status Lost status Source of classification or shelving scheme Damaged status Not for loan Permanent Location Current Location Shelving location Date acquired Source of acquisition Full call number Barcode Date last seen Price effective from Koha item type
          NUST Law School (NLS) NUST Law School (NLS) Sociology 04/11/2022 Donation 302.2 ADL CL-D-1607 04/11/2022 04/11/2022 Book
© 2023 Central Library, National University of Sciences and Technology. All Rights Reserved.